Statistics for Largest Cities in Puglia

Click here to take the quiz!

General Stats

  • This quiz has been taken 50 times
  • The average score is 9 of 15

Answer Stats

PopulationCity% Correct
326,344Bari
100%
94,773Lecce
97%
201,100Taranto
89%
88,302Brindisi
87%
151,991Foggia
82%
94,814Barletta
66%
56,217Trani
63%
100,440Andria
61%
59,874Molfetta
47%
55,540Bitonto
45%
70,396Altamura
42%
53,905San Severo
42%
58,396Cerignola
39%
57,279Manfredonia
34%
55,422Bisceglie
29%

Score Distribution

Percentile by Number Answered

Percent of People with Each Score

Your Score History

You have not taken this quiz